000 00631nam a2200229Ia 4500
003 OSt
005 20220928113546.0
006 a|||||r|||| 00| 0
007 ta
008 220927b |||||||| |||| 00| 0 eng d
024 _a55331
037 _cTextual
040 _aSDCL
_cSDCL
_beng
041 _2eng
_aeng
082 _aY12.3'N8, M2
100 _aFrancis Leslie J
_9433789
245 0 _aYouth in transit
_b A profile of 16-25 year olds
260 _aEngland
_bGower Publishing
_c1982
300 _avii,189p
_ccm.
942 _hY12.3'N8, M2
_cTEXL
_2CC
999 _c750200
_d750200